| 000 | 01647nam0a2200313 4500 | ||
|---|---|---|---|
| 001 | RU\NLR\b_ik\92524 | ||
| 005 | 20260408194347.0 | ||
| 035 | _a(NLR Aleph) 002166570 | ||
| 090 |
_a2597004 _c2597004 |
||
| 100 | _a20021112d2001 k y0rusy50 ca | ||
| 101 | 0 |
_aeng _drus |
|
| 102 | _aRU | ||
| 105 | _aa ||||||||| | ||
| 200 | 1 |
_aImaging of the vertical particle tracks without any depth scanning _fL.M. Soroko |
|
| 210 |
_aDubna _cJoint inst. for nuclear research _d2001 |
||
| 215 |
_a16 с. _cил. _d22 |
||
| 225 | 1 |
_aСообщения Объединенного института ядерных исследований, Дубна _vЕ13-2001-88 |
|
| 300 | _aНа 3-й с. обл.: Получение изображений вертикальных следов частиц без какого-либо сканирования по глубине / Сороко Л.М. | ||
| 300 | _aРез. на рус. яз. | ||
| 320 | _aБиблиогр.: с. 16 (12 назв.) | ||
| 517 | 0 | _aПолучение изображений вертикальных следов частиц без какого-либо сканирования по глубине | |
| 606 | 0 |
_aЭлементарные частицы _xТреки _xРегистрация оптическими микроскопами _92271619 _3RU\NLR\AUTH\661361501 |
|
| 606 |
_aЧастицы (физ.) _xТреки _xРегистрация оптическими микроскопами _3RU\NLR\AUTH\661361502 _92271620 |
||
| 686 | 1 | _aВ386.1 | |
| 700 | 1 |
_aSoroko _bL. M. _gLev Markovič _4070 |
|
| 801 | 0 |
_aRU _bNLR _c20021112 _gPSBO |
|
| 942 | _cBOOK | ||
| 980 | _aNB | ||